| 000 | 00553nam a2200193Ia 4500 | ||
|---|---|---|---|
| 005 | 20250326141945.0 | ||
| 008 | 250326s9999 xx 000 0 und d | ||
| 020 | _a0-03-063556-X | ||
| 037 | _aTextbook | ||
| 040 |
_aFMSL _beng _cFMSL |
||
| 041 |
_aeng _2eng |
||
| 084 |
_aX.1 M7 _qFMSL |
||
| 100 |
_aWeekly James K _9745344 |
||
| 245 | 0 |
_aInternational business: Operating in the global economy _cWeekly James K; Aggarwal Raj |
|
| 260 |
_aNY _bNY, Dryden _c1987 |
||
| 300 | _axx,428 | ||
| 942 |
_cTB _hX.1 M7 |
||
| 999 |
_c1292783 _d1292783 |
||